[Event "Sparkassen-Open A"]
[Site "Heusenstamm, Martinsee"]
[Date "2019.11.23"]
[Round "4.93"]
[White "Browning, Rebecca"]
[Black "Markosyan, Aleksandr"]
[Result "1-0"]
[WhiteElo "1895"]
[BlackElo "1759"]
[PlyCount "115"]
[EventDate "2019.??.??"]
[WhiteTeam "MS Halver-Schalksmühle"]
[BlackTeam "SG Idstein"]

1. e4 c5 2. c3 Nf6 3. e5 Nd5 4. d4 cxd4 5. cxd4 d6 6. exd6 Qxd6 7. Nc3 Nc6 8.
Nf3 Bg4 9. Be2 e6 10. O-O Be7 11. a3 O-O 12. Ne4 Qc7 13. Be3 Rfd8 14. Rc1 Nf4
15. Bb5 Rac8 16. Bxc6 bxc6 17. h3 Bh5 18. Ng3 Bxf3 19. Qxf3 Nd5 20. Ne4 a5 21.
Rc2 Nf6 22. Rfc1 Qb7 23. Nd2 Rd5 24. Nc4 Nd7 25. Qe2 Bf6 26. Qe1 a4 27. Na5 Qb5
28. Nxc6 Ra8 29. Nb4 Rd6 30. Rc8+ Rxc8 31. Rxc8+ Nf8 32. Rc5 Qb7 33. Qd1 Qd7
34. Rc4 Qb5 35. Qc2 Qd7 36. Nc6 Qb7 37. Bf4 Rd5 38. Be5 Nd7 39. Nb4 Ra5 40.
Rc8+ Nf8 41. Bd6 Be7 42. Rc7 Qa8 43. Bxe7 Qe8 44. Bxf8 Kxf8 45. Rc8 Ra8 46.
Rxe8+ Rxe8 47. Qc5+ Kg8 48. Qc6 Rd8 49. Qc7 Re8 50. Nc6 h6 51. Qd7 Ra8 52. Ne7+
Kh7 53. Nc8 Rb8 54. Qxf7 Rxb2 55. Qxe6 Rb3 56. Ne7 h5 57. Qf5+ Kh8 58. Qxh5#
1-0

[Event "Sparkassen-Open A"]
[Site "Heusenstamm, Martinsee"]
[Date "2019.11.23"]
[Round "4.94"]
[White "Pohle, Saskia"]
[Black "Loriguillo, Gregorio"]
[Result "1-0"]
[WhiteElo "1695"]
[BlackElo "1870"]
[PlyCount "79"]
[EventDate "2019.??.??"]
[WhiteTeam "Muldental Wilkau-Haßlau"]
[BlackTeam "SF Vonkeln"]

1. e4 c5 2. Nf3 Nc6 3. d4 cxd4 4. Nxd4 Nf6 5. Nc3 e5 6. Ndb5 d6 7. Bg5 a6 8.
Na3 b5 9. Nd5 Be7 10. Bxf6 Bxf6 11. c3 Bg5 12. Nc2 Bb7 13. Be2 Ne7 14. O-O Nxd5
15. exd5 O-O 16. a4 bxa4 17. Rxa4 f5 18. Kh1 Qd7 19. Ra3 f4 20. Bf3 a5 21. Be4
Qf7 22. c4 Bc8 23. Rc3 Bf5 24. f3 Rab8 25. b3 Rfc8 26. Qa1 Bd8 27. Na3 Bxe4 28.
fxe4 Qc7 29. Rh3 Qc5 30. Nb5 Ra8 31. Qd1 Bf6 32. Qh5 Re8 33. Qxh7+ Kf8 34. g4
Kf7 35. Qf5 Rh8 36. Rxh8 Rxh8 37. g5 Qe3 38. g6+ Kf8 39. Qc8+ Ke7 40. Qc7+ 1-0

[Event "Sparkassen-Open A"]
[Site "Heusenstamm, Martinsee"]
[Date "2019.11.23"]
[Round "4.95"]
[White "Müller, Maurice-Pascal"]
[Black "Ahmad, Momin"]
[Result "0-1"]
[WhiteElo "1683"]
[BlackElo "1918"]
[PlyCount "66"]
[EventDate "2019.??.??"]
[WhiteTeam "SC Landskrone"]
[BlackTeam "SK Ottenau"]

1. e4 e5 2. Nf3 Nc6 3. Bb5 a6 4. Ba4 Nf6 5. O-O Be7 6. d3 b5 7. Bb3 O-O 8. a4
b4 9. c3 Rb8 10. h3 d6 11. Nbd2 h6 12. d4 Bd7 13. Re1 Re8 14. Nc4 Bf8 15. d5
Ne7 16. Bc2 Ng6 17. cxb4 Rxb4 18. b3 Qc8 19. Nh2 Nh7 20. Bd2 Rb8 21. Ng4 Be7
22. Nce3 Bg5 23. Nf5 Nf4 24. Bxf4 exf4 25. Qd3 h5 26. Nfh6+ gxh6 27. e5 Nf8 28.
h4 Bxg4 29. hxg5 hxg5 30. exd6 cxd6 31. Kh2 Ng6 32. Rh1 Re5 33. Kg1 Bf5 0-1

[Event "Sparkassen-Open A"]
[Site "Heusenstamm, Martinsee"]
[Date "2019.11.23"]
[Round "4.96"]
[White "Winter, Lars"]
[Black "Werner, Rosalie"]
[Result "0-1"]
[WhiteElo "1917"]
[BlackElo "1592"]
[PlyCount "62"]
[EventDate "2019.??.??"]
[WhiteTeam "SV Fechenheim"]
[BlackTeam "VSG Offenbach"]

1. c4 c5 2. g3 Nf6 3. Bg2 d5 4. cxd5 Nxd5 5. Nc3 Nc7 6. Nf3 Nc6 7. O-O e5 8. d3
Be7 9. a3 Be6 10. Rb1 f6 11. Ne1 Qd7 12. b4 cxb4 13. axb4 Bxb4 14. Bxc6 Qxc6
15. Rxb4 Qxc3 16. Rxb7 Qc6 17. Rb4 Bh3 18. Rc4 Qb7 19. Qc2 Nb5 20. f3 Bxf1 21.
Kxf1 O-O 22. Qa2 Kh8 23. Be3 Rfc8 24. Ra4 Nc3 25. Rxa7 Rxa7 26. Qxa7 Qb2 27.
Bf2 Qxe2+ 28. Kg1 Nd1 29. h4 Nxf2 30. Qxf2 Qd1 31. Kg2 Rc1 0-1

[Event "Sparkassen-Open A"]
[Site "Heusenstamm, Martinsee"]
[Date "2019.11.23"]
[Round "4.97"]
[White "Mohr, Thomas"]
[Black "Bobrowski, Damian"]
[Result "1/2-1/2"]
[WhiteElo "1904"]
[BlackElo "1617"]
[PlyCount "54"]
[EventDate "2019.??.??"]
[WhiteTeam "SC FK Babenhausen"]
[BlackTeam "vereinslos"]

1. f4 Nf6 2. Nf3 g6 3. e3 Bg7 4. d4 O-O 5. Bd3 d6 6. O-O c5 7. c3 Nc6 8. Nbd2
cxd4 9. Nxd4 Nxd4 10. exd4 e5 11. dxe5 Ng4 12. Qf3 dxe5 13. h3 Qb6+ 14. Kh1 Ne3
15. Re1 exf4 16. Qxf4 Nf5 17. Nc4 Qd8 18. Bxf5 Bxf5 19. Nd6 Be6 20. Nxb7 Qd5
21. Qf3 Qxf3 22. gxf3 Bd5 23. Nc5 Bxf3+ 24. Kg1 Rac8 25. Be3 Rfd8 26. Kf2 Bh5
27. Ne4 Rb8 1/2-1/2

[Event "Sparkassen-Open A"]
[Site "Heusenstamm, Martinsee"]
[Date "2019.11.23"]
[Round "4.98"]
[White "Cramer, Lydia"]
[Black "Eurich, Jannik"]
[Result "0-1"]
[WhiteElo "1529"]
[BlackElo "1859"]
[PlyCount "70"]
[EventDate "2019.??.??"]
[WhiteTeam "ZSG Waltershausen"]
[BlackTeam "SK Langen"]

1. e4 c5 2. Nc3 a6 3. g3 b5 4. Bg2 Bb7 5. Nge2 e6 6. d4 cxd4 7. Nxd4 Nf6 8. Bg5
Be7 9. Bxf6 Bxf6 10. O-O Nc6 11. Nxc6 dxc6 12. Qe1 Qc7 13. Rd1 O-O 14. Rd3 Rfd8
15. Qc1 Rxd3 16. cxd3 Rd8 17. Rd1 c5 18. Ne2 Qb6 19. b3 h5 20. h4 Rd7 21. Qe3
Bd4 22. Nxd4 Rxd4 23. Rc1 e5 24. Qe2 Qd6 25. Bf1 f5 26. f3 fxe4 27. fxe4 Qb6
28. Qxh5 c4 29. Kh2 cxd3 30. Qxe5 d2 31. Qe8+ Kh7 32. Bh3 Rd5 33. Qf8 dxc1=Q
34. Bf5+ Rxf5 35. Qxf5+ Qg6 0-1

[Event "Sparkassen-Open A"]
[Site "Heusenstamm, Martinsee"]
[Date "2019.11.23"]
[Round "4.99"]
[White "Stock, Jürgen"]
[Black "Neuhoff, Laertes"]
[Result "1-0"]
[WhiteElo "1895"]
[BlackElo "1461"]
[PlyCount "61"]
[EventDate "2019.??.??"]
[WhiteTeam "Sfr. Kelkheim"]
[BlackTeam "SG Leipzig"]

1. d4 Nf6 2. c3 g6 3. Bg5 Bg7 4. Nd2 O-O 5. e3 d5 6. Bd3 c5 7. f4 b6 8. Qe2 Bb7
9. Ngf3 Nc6 10. O-O Rc8 11. f5 Qc7 12. fxg6 fxg6 13. Bf4 Qd7 14. Ng5 Nh5 15.
Nxh7 Nxf4 16. exf4 Kxh7 17. Qh5+ Kg8 18. Bxg6 Rf6 19. Nf3 Ba6 20. Ne5 Qc7 21.
Rf3 cxd4 22. Bh7+ Kf8 23. Ng6+ Ke8 24. Qxd5 e6 25. Re1 Kf7 26. Rxe6 Rxe6 27. f5
Nd8 28. fxe6+ Ke8 29. Bg8 Bb7 30. Bf7+ Nxf7 31. exf7+ 1-0

[Event "Sparkassen-Open A"]
[Site "Heusenstamm, Martinsee"]
[Date "2019.11.23"]
[Round "4.100"]
[White "Bashylina, Luisa"]
[Black "Goetz, Fenja"]
[Result "1-0"]
[WhiteElo "1868"]
[BlackElo "1490"]
[PlyCount "69"]
[EventDate "2019.??.??"]
[WhiteTeam "SG Solingen"]
[BlackTeam "SK Bad Homburg"]

1. e4 c5 2. Nf3 Nc6 3. Bb5 g6 4. Bxc6 bxc6 5. O-O Bg7 6. Re1 d5 7. e5 Qc7 8. h3
Nh6 9. d3 Nf5 10. c3 Rb8 11. g4 Nh6 12. Bf4 Rxb2 13. Qc1 Qb6 14. Bxh6 Bxh6 15.
Qxh6 Ba6 16. Qe3 e6 17. Nfd2 Qa5 18. a4 O-O 19. Nf3 Kg7 20. h4 Rb7 21. h5 h6
22. g5 Rh8 23. Qf4 Kg8 24. gxh6 Rh7 25. hxg6 fxg6 26. Qg5 Bxd3 27. Nh4 Rbf7 28.
Re3 Be4 29. Nd2 Bc2 30. Rg3 Kf8 31. Nxg6+ Bxg6 32. Qxg6 Ke7 33. Rb1 Qc7 34. Nf3
Rh8 35. Qxf7+ 1-0

[Event "Sparkassen-Open A"]
[Site "Heusenstamm, Martinsee"]
[Date "2019.11.23"]
[Round "4.101"]
[White "Rondonuwu, Grover"]
[Black "Rabiya, Karim"]
[Result "1-0"]
[WhiteElo "2106"]
[BlackElo "1816"]
[PlyCount "69"]
[EventDate "2019.??.??"]
[WhiteTeam "Frankfurter TV"]
[BlackTeam "SK Niederbrechen"]

1. d4 d6 2. Nf3 c5 3. g3 cxd4 4. Nxd4 Nc6 5. Bg2 Qb6 6. Nb3 Nf6 7. O-O Bf5 8.
Nc3 e6 9. Be3 Qb4 10. a3 Qc4 11. Nd2 Qg4 12. Nb5 Rc8 13. c4 a6 14. Na7 Nxa7 15.
Bxa7 d5 16. Qa4+ Rc6 17. Bf3 Qg6 18. Rac1 Ne4 19. cxd5 exd5 20. Nb3 Bd7 21. Qa5
Rxc1 22. Rxc1 Bc6 23. Be3 Be7 24. Nd4 Bd8 25. Qb4 Be7 26. Qb3 O-O 27. Nxc6 bxc6
28. Qa4 c5 29. Bxe4 dxe4 30. Bxc5 Bxc5 31. Rxc5 e3 32. fxe3 h6 33. Qc2 Qe6 34.
Qc3 Rd8 35. Re5 1-0

[Event "Sparkassen-Open A"]
[Site "Heusenstamm, Martinsee"]
[Date "2019.11.23"]
[Round "4.102"]
[White "Schubert, Nikita"]
[Black "Emig, Nils"]
[Result "1-0"]
[WhiteElo "1965"]
[BlackElo "1815"]
[PlyCount "85"]
[EventDate "2019.??.??"]
[WhiteTeam "ESV Gera"]
[BlackTeam "SK Marburg"]

1. d4 Nf6 2. c4 g6 3. g3 Bg7 4. Bg2 O-O 5. Nc3 d6 6. Nf3 Nc6 7. O-O a6 8. e4
Bg4 9. Be3 Rb8 10. h3 Bxf3 11. Bxf3 e5 12. d5 Nd4 13. Bxd4 exd4 14. Qxd4 Re8
15. Qd2 b5 16. cxb5 axb5 17. Rae1 b4 18. Nb1 Qc8 19. Bg2 Qa6 20. Qc2 Re7 21.
Nd2 Rbe8 22. Ra1 Nd7 23. a3 bxa3 24. Rxa3 Qb6 25. Nc4 Qb8 26. Na5 Ne5 27. Kh2
Qb6 28. f4 Nd7 29. Nc6 Qxb2 30. Nxe7+ Rxe7 31. Ra8+ Nf8 32. Qxb2 Bxb2 33. Rb1
Bg7 34. Rc8 f5 35. exf5 gxf5 36. Rb7 Re1 37. g4 Bd4 38. Rbb8 Kg7 39. Rxf8 Kh6
40. Kg3 Re3+ 41. Bf3 fxg4 42. hxg4 Kg7 43. Rg8+ 1-0

[Event "Sparkassen-Open A"]
[Site "Heusenstamm, Martinsee"]
[Date "2019.11.23"]
[Round "4.103"]
[White "Yue, Qizhou"]
[Black "Hegel, Christoph"]
[Result "1-0"]
[WhiteElo "1792"]
[BlackElo "1928"]
[PlyCount "105"]
[EventDate "2019.??.??"]
[WhiteTeam "SV Multatuli Ingelheim e.V."]
[BlackTeam "Vorw.Orient Mainz"]

1. d4 Nf6 2. c4 e5 3. dxe5 Ne4 4. Nd2 Nc5 5. Ngf3 Nc6 6. b3 Qe7 7. e3 Nxe5 8.
Nxe5 Qxe5 9. Rb1 Qf5 10. Ba3 Ne4 11. Nxe4 Bxa3 12. Nc3 Bb4 13. Rc1 Qg5 14. Qd5
Qxd5 15. cxd5 O-O 16. Bd3 d6 17. O-O c6 18. Be4 c5 19. Ne2 Bd7 20. Ng3 Bb5 21.
Rfd1 a5 22. a4 Ba6 23. Bd3 Bxd3 24. Rxd3 Rac8 25. Nf5 Rfd8 26. e4 Rd7 27. Ne3
Rb8 28. Nc4 Re8 29. f3 f6 30. Rcd1 Kf7 31. Kf2 Rb8 32. Re3 g5 33. g3 Rg8 34. h3
Ke7 35. Ke2 Kd8 36. Kd3 Kc7 37. Kc2 h5 38. Re2 Rdg7 39. Ne3 Rb8 40. Nc4 Rbg8
41. Rh1 h4 42. g4 Rb8 43. Rf1 b5 44. axb5 Rxb5 45. Ra1 Rg8 46. Kd3 Rb7 47. Rf2
Ra8 48. f4 a4 49. fxg5 Ba5 50. Rxa4 Be1 51. Rxa8 Bxf2 52. g6 Rxb3+ 53. Kc2 1-0

[Event "Sparkassen-Open A"]
[Site "Heusenstamm, Martinsee"]
[Date "2019.11.23"]
[Round "4.104"]
[White "Biot, Thomas"]
[Black "Stork, Christopher"]
[Result "0-1"]
[WhiteElo "1763"]
[BlackElo "1912"]
[PlyCount "68"]
[EventDate "2019.??.??"]
[WhiteTeam "CRELEL"]
[BlackTeam "SV Oberursel"]

1. e4 c5 2. Nf3 e6 3. d4 cxd4 4. Nxd4 Nf6 5. f3 Nc6 6. Nxc6 bxc6 7. Be3 Be7 8.
Bd3 O-O 9. O-O e5 10. f4 exf4 11. Rxf4 d5 12. e5 Nd7 13. e6 fxe6 14. Qh5 Nf6
15. Rxf6 Rxf6 16. Qxh7+ Kf7 17. Qh5+ g6 18. Qh7+ Ke8 19. Bxg6+ Kd7 20. Nd2 Ba6
21. Rd1 Qg8 22. Qxg8 Rxg8 23. Bh5 Bd6 24. c4 Rh8 25. g4 Rg8 26. c5 Bf4 27. Bxf4
Rxf4 28. Re1 Bd3 29. Nf1 Ke7 30. Ng3 Kf6 31. h3 e5 32. Re3 e4 33. h4 Rfxg4 34.
Bxg4 Rxg4 0-1

[Event "Sparkassen-Open A"]
[Site "Heusenstamm, Martinsee"]
[Date "2019.11.23"]
[Round "4.105"]
[White "Westhof, Benedikt"]
[Black "Riemann, Jonas"]
[Result "1/2-1/2"]
[WhiteElo "1753"]
[BlackElo "1882"]
[PlyCount "39"]
[EventDate "2019.??.??"]
[WhiteTeam "SC Heusenstamm"]
[BlackTeam "SK Bickenbach"]

1. d4 g6 2. c4 Nf6 3. Nc3 Bg7 4. e4 d6 5. g3 O-O 6. Bg2 Nbd7 7. Nf3 e5 8. d5
Nc5 9. Qc2 a5 10. O-O Nh5 11. Ne1 f5 12. f3 fxe4 13. fxe4 Rxf1+ 14. Kxf1 Bg4
15. Be3 Qe7 16. Nd3 Nxd3 17. Qxd3 Rf8+ 18. Kg1 b6 19. Rf1 Bf6 20. Qd2 1/2-1/2

[Event "Sparkassen-Open A"]
[Site "Heusenstamm, Martinsee"]
[Date "2019.11.23"]
[Round "4.106"]
[White "Marchese, Gaspare"]
[Black "Michels, Holger"]
[Result "0-1"]
[WhiteElo "1851"]
[BlackElo "1798"]
[PlyCount "114"]
[EventDate "2019.??.??"]
[WhiteTeam "SC Matt im Park"]
[BlackTeam "SC ML Kastellaun"]

1. e4 g6 2. d4 Bg7 3. Nc3 c5 4. dxc5 Bxc3+ 5. bxc3 Nf6 6. Bd3 Qa5 7. Nf3 Qxc3+
8. Bd2 Qxc5 9. O-O Nc6 10. Rb1 a6 11. e5 Nxe5 12. Nxe5 Qxe5 13. Re1 Qc7 14. Bh6
Rg8 15. Qf3 Qc6 16. Qf4 Nh5 17. Qb4 d6 18. Qh4 Be6 19. Be4 d5 20. Bf3 Ng7 21.
Bd2 Nf5 22. Qb4 Nd6 23. Bg5 O-O-O 24. Bxe7 Rd7 25. Bf6 Qc4 26. Qb6 Qc6 27. Qb4
Nc4 28. Rb3 Kb8 29. Reb1 Rc8 30. Qe1 Qa4 31. Rb4 Qxc2 32. Bd1 Qd2 33. Be5+ Ka8
34. Qxd2 Nxd2 35. Ra1 Rc4 36. Rb2 Ne4 37. Be2 Rc6 38. f3 Nc3 39. Bd3 Rd8 40.
Bf1 Rdc8 41. a4 Bd7 42. a5 Re6 43. Bd4 Bb5 44. Bxc3 Bxf1 45. Kxf1 Rxc3 46. Rab1
Re7 47. Rd2 Rc5 48. Ra1 Ka7 49. Kf2 f5 50. Kg3 g5 51. h4 h6 52. Rb2 d4 53. Rd2
Rd7 54. Ra3 b6 55. axb6+ Kxb6 56. hxg5 hxg5 57. f4 Rc3+ 0-1

[Event "Sparkassen-Open A"]
[Site "Heusenstamm, Martinsee"]
[Date "2019.11.23"]
[Round "4.107"]
[White "Marzec, Witold"]
[Black "Rieger, Mario"]
[Result "0-1"]
[WhiteElo "1711"]
[BlackElo "1849"]
[PlyCount "150"]
[EventDate "2019.??.??"]
[WhiteTeam "vereinslos"]
[BlackTeam "MS Halver-Schalksmühle"]

1. c4 c5 2. Nc3 Nc6 3. g3 g6 4. Bg2 Bg7 5. e3 e6 6. Nge2 Nge7 7. d4 cxd4 8.
exd4 d5 9. cxd5 exd5 10. Bf4 Be6 11. O-O a6 12. Na4 O-O 13. Nc5 b6 14. Nxe6
fxe6 15. Rc1 Rc8 16. Bg5 h6 17. Be3 Qd7 18. Bh3 Nf5 19. Qd3 b5 20. Bxf5 exf5
21. Nf4 Kh7 22. Rfd1 Ne7 23. Qb3 Rc4 24. Rxc4 dxc4 25. Qa3 Rf6 26. Qb4 Qd6 27.
Qd2 Nd5 28. Nxd5 Qxd5 29. f4 Rd6 30. Qg2 Qxg2+ 31. Kxg2 a5 32. Kf2 Kg8 33. Ke2
Kf7 34. Bf2 Ke6 35. Rd2 Kd5 36. a3 Re6+ 37. Kd1 Re4 38. Kc2 Bxd4 39. Bxd4 Rxd4
40. Re2 Re4 41. Rd2+ Kc5 42. b3 cxb3+ 43. Kxb3 Re3+ 44. Kb2 b4 45. axb4+ axb4
46. Rc2+ Kb5 47. Rd2 Kc4 48. Rd6 Re2+ 49. Kc1 Rxh2 50. Rxg6 Kc3 51. Rc6+ Kb3
52. Rc5 Rg2 53. Rxf5 Rxg3 54. Rh5 Rf3 55. Rxh6 Rxf4 56. Rh3+ Ka2 57. Rh2+ Ka3
58. Rh3+ b3 59. Re3 Rf2 60. Kd1 Ka2 61. Re8 b2 62. Ra8+ Kb3 63. Rb8+ Kc4 64.
Rc8+ Kb5 65. Rb8+ Kc6 66. Rb3 Kc5 67. Rb8 Kc4 68. Rc8+ Kb3 69. Rb8+ Ka2 70.
Ra8+ Kb1 71. Rc8 Rf1+ 72. Ke2 Rf6 73. Ke1 Rd6 74. Rb8 Ra6 75. Rc8 Ka2 0-1

[Event "Sparkassen-Open A"]
[Site "Heusenstamm, Martinsee"]
[Date "2019.11.23"]
[Round "4.108"]
[White "Werner, Dimo"]
[Black "Renger, Jürgen"]
[Result "1-0"]
[WhiteElo "1989"]
[BlackElo "1682"]
[PlyCount "63"]
[EventDate "2019.??.??"]
[WhiteTeam "TSV Schott Mainz"]
[BlackTeam "Sges Bensheim"]

1. d4 Nf6 2. Nf3 e6 3. c4 b6 4. g3 Ba6 5. b3 Bb4+ 6. Bd2 Be7 7. Bg2 O-O 8. O-O
d5 9. Nc3 c5 10. cxd5 exd5 11. Rc1 Re8 12. Bg5 h6 13. Bxf6 Bxf6 14. Re1 Bb7 15.
dxc5 d4 16. Na4 b5 17. Nb2 Qa5 18. Nd3 Nc6 19. Nd2 Rab8 20. Qc2 Bg5 21. Rcd1
Bxd2 22. Qxd2 Qc7 23. b4 Rbd8 24. Qb2 Bc8 25. Nf4 Re5 26. Bxc6 Qxc6 27. Rxd4
Rde8 28. Rd6 Qe4 29. Qd4 Qc2 30. Qd2 Qe4 31. f3 Qc4 32. Rd4 1-0

[Event "Sparkassen-Open A"]
[Site "Heusenstamm, Martinsee"]
[Date "2019.11.23"]
[Round "4.109"]
[White "Niedenthal, Robert"]
[Black "Hänselmann, Hendrik"]
[Result "0-1"]
[WhiteElo "1686"]
[BlackElo "1848"]
[PlyCount "98"]
[EventDate "2019.??.??"]
[WhiteTeam "SV Hofheim"]
[BlackTeam "Karlsruher SF"]

1. c4 e5 2. Nc3 Nf6 3. Nf3 Nc6 4. e4 Bc5 5. Nxe5 Nxe5 6. d4 Bb4 7. dxe5 Nxe4 8.
Qd3 Nxc3 9. bxc3 Bc5 10. Be2 O-O 11. O-O d6 12. exd6 Bxd6 13. g3 Qf6 14. Qf3
Bf5 15. Be3 c6 16. Bd4 Qg6 17. Qh5 Rfe8 18. Qxg6 Bxg6 19. Rfe1 c5 20. Be3 Be5
21. Rac1 b6 22. Bf3 Rad8 23. Bd5 Bf6 24. f3 Bd3 25. Rcd1 Bxc3 26. Bd2 Bd4+ 27.
Kh1 Be2 28. Be4 Bxd1 29. Rxd1 Be3 30. Bd5 Bxd2 31. Rxd2 Kf8 32. a4 Re3 33. Ra2
Rde8 34. Be4 f5 35. Bxf5 Re1+ 36. Kg2 R8e2+ 37. Rxe2 Rxe2+ 38. Kh3 g6 39. Be4
Ra2 40. Bc6 Ke7 41. g4 Kd6 42. Bb5 Ke5 43. Kg3 g5 44. h4 gxh4+ 45. Kxh4 Kf4 46.
Kh3 Kxf3 47. Kh4 Kf4 48. Kh3 Rc2 49. Ba6 Kg5 0-1

[Event "Sparkassen-Open A"]
[Site "Heusenstamm, Martinsee"]
[Date "2019.11.23"]
[Round "4.110"]
[White "Schmieder, Stefan"]
[Black "Steinke, Hans-Jörg"]
[Result "0-1"]
[WhiteElo "1847"]
[BlackElo "1753"]
[PlyCount "90"]
[EventDate "2019.??.??"]
[WhiteTeam "vereinslos"]
[BlackTeam "SV Datteln"]

1. e4 e6 2. d4 d5 3. Nd2 Nf6 4. e5 Nfd7 5. Bd3 c5 6. c3 Nc6 7. Ngf3 Be7 8. O-O
O-O 9. Re1 Qb6 10. Nf1 cxd4 11. cxd4 Re8 12. a3 Nf8 13. b4 a6 14. Bb2 Bd7 15.
Rc1 Rac8 16. N1d2 Nb8 17. Nb3 Ba4 18. Nfd2 Bb5 19. Qe2 Bxd3 20. Qxd3 Qb5 21.
Qxb5 axb5 22. Nb1 Nc6 23. Rc2 Na7 24. Rec1 Rxc2 25. Rxc2 Rc8 26. Rxc8 Nxc8 27.
Nc3 Na7 28. g3 Nd7 29. Nc5 Nxc5 30. dxc5 f6 31. f4 fxe5 32. fxe5 Bg5 33. Kf2
Kf7 34. Ke2 Ke8 35. Kd3 Kd7 36. h4 Bd8 37. Kc2 b6 38. cxb6 Bxb6 39. g4 Bf2 40.
h5 Bd4 41. Ne2 Bxb2 42. Kxb2 Nc6 43. g5 Nxe5 44. Nd4 Nc4+ 45. Kb3 Nd6 0-1

[Event "Sparkassen-Open A"]
[Site "Heusenstamm, Martinsee"]
[Date "2019.11.23"]
[Round "4.111"]
[White "Schreidl, Michael"]
[Black "Albert, Ingo"]
[Result "1-0"]
[WhiteElo "1643"]
[BlackElo "1840"]
[PlyCount "69"]
[EventDate "2019.??.??"]
[WhiteTeam "SK Frankenthal"]
[BlackTeam "vereinslos/Wiesbaden"]

1. e4 e5 2. Nf3 Nf6 3. Nxe5 d6 4. Nf3 Nxe4 5. d4 d5 6. Bd3 Bd6 7. O-O O-O 8. c4
c6 9. Nc3 Nxc3 10. bxc3 dxc4 11. Bxc4 Qa5 12. Qb3 Qh5 13. Re1 Nd7 14. Ba3 Bxa3
15. Qxa3 Nb6 16. Bd3 Nd5 17. Re5 Qh6 18. Rae1 Bg4 19. Be2 Nf4 20. c4 Rad8 21.
Bd1 f6 22. Re7 Qg6 23. Qe3 Bh3 24. Nh4 Nxg2 25. Nxg6 Nxe3 26. Nxf8 Nxd1 27.
Rxd1 Kxf8 28. Rxb7 c5 29. d5 Rd6 30. Rxa7 f5 31. f3 Rg6+ 32. Kf2 f4 33. Rg1 Rb6
34. Rgxg7 Rb2+ 35. Ke1 1-0

[Event "Sparkassen-Open A"]
[Site "Heusenstamm, Martinsee"]
[Date "2019.11.23"]
[Round "4.112"]
[White "Baumann, Dennis"]
[Black "Mehlen, Theodor"]
[Result "0-1"]
[WhiteElo "1664"]
[BlackElo "1839"]
[PlyCount "86"]
[EventDate "2019.??.??"]
[WhiteTeam "SF Schöneck"]
[BlackTeam "SC Matt im Park"]

1. d4 d5 2. c4 e6 3. Nf3 Nf6 4. Nc3 Be7 5. Bg5 Nbd7 6. e3 h6 7. Bh4 O-O 8. Bd3
b6 9. cxd5 exd5 10. O-O Bb7 11. Rc1 c5 12. b3 Re8 13. Re1 Ne4 14. Bxe7 Rxe7 15.
Nd2 Qe8 16. Nb5 Qb8 17. Nxe4 dxe4 18. Be2 a6 19. Nc3 Re8 20. Bg4 Rd8 21. Bxd7
Rxd7 22. Qg4 Qe8 23. dxc5 bxc5 24. Na4 Rd2 25. Nxc5 Bc6 26. Re2 Rad8 27. Rxd2
Rxd2 28. Nxa6 Bd7 29. Qf4 Rxa2 30. Qd6 Be6 31. Nc7 Qc8 32. Rb1 Rc2 33. Rd1 Qxc7
34. Qxc7 Rxc7 35. Rb1 Rb7 36. b4 Bc4 37. f3 exf3 38. gxf3 Kf8 39. Kf2 Ke7 40.
e4 Kd6 41. Ke3 Kc6 42. Kd4 Kb5 43. Kc3 Rd7 0-1

[Event "Sparkassen-Open A"]
[Site "Heusenstamm, Martinsee"]
[Date "2019.11.23"]
[Round "4.113"]
[White "Wimmer, Thomas"]
[Black "Herrmann, Gerhard"]
[Result "1-0"]
[WhiteElo "1836"]
[BlackElo "1548"]
[PlyCount "55"]
[EventDate "2019.??.??"]
[WhiteTeam "SK Marburg"]
[BlackTeam "SC Königsspringer Alzenau"]

1. d4 d5 2. c4 e6 3. Nc3 Nf6 4. cxd5 exd5 5. Bg5 Be7 6. e3 h6 7. Bh4 O-O 8. Bd3
c6 9. Qc2 g6 10. Nge2 Kg7 11. O-O-O Nh5 12. Bxe7 Qxe7 13. h3 f5 14. g4 Nf6 15.
gxf5 g5 16. Rdg1 Ne8 17. h4 Nd6 18. hxg5 hxg5 19. Rh7+ Kf6 20. Rxe7 Kxe7 21.
Rxg5 Nd7 22. Nf4 Kf6 23. Rg6+ Kf7 24. Rxd6 Nf6 25. e4 dxe4 26. Nxe4 Nxe4 27.
Bxe4 Rh8 28. Qc4+ 1-0

[Event "Sparkassen-Open A"]
[Site "Heusenstamm, Martinsee"]
[Date "2019.11.23"]
[Round "4.114"]
[White "Kosak, Matjaz"]
[Black "Schwegler, Jelena"]
[Result "1-0"]
[WhiteElo "1791"]
[BlackElo "1513"]
[PlyCount "107"]
[EventDate "2019.??.??"]
[WhiteTeam "SV Frankfurt Nord"]
[BlackTeam "SK Bad Homburg"]

1. e4 c5 2. Nc3 g6 3. f4 Bg7 4. Nf3 Nc6 5. Bb5 Nd4 6. O-O a6 7. Bd3 e6 8. e5
Ne7 9. Ne4 O-O 10. Nxd4 cxd4 11. Qe1 Nd5 12. b3 f6 13. Ba3 Ne7 14. exf6 Bxf6
15. Nxf6+ Rxf6 16. Bxe7 Qxe7 17. Qe5 b6 18. Qxd4 Qc5 19. Qxc5 bxc5 20. Be4 Rb8
21. Rae1 Bb7 22. g3 Bxe4 23. Rxe4 Rf5 24. Rfe1 Rb6 25. c4 Rd6 26. Rd1 Rd3 27.
Kf2 Kf7 28. Ke2 Rd6 29. g4 Rf6 30. d4 cxd4 31. Rexd4 Rxd4 32. Rxd4 Ke7 33. c5
h5 34. h3 hxg4 35. hxg4 Rf8 36. Ra4 a5 37. Ke3 Rb8 38. Rxa5 Rb4 39. Ra4 Rb5 40.
Rc4 Kf6 41. Ke4 Ra5 42. g5+ Ke7 43. Rc2 Rb5 44. Rc3 Rb4+ 45. Rc4 Rb5 46. b4 Rb8
47. a4 Ra8 48. b5 Rb8 49. Ke5 Rf8 50. b6 Rf5+ 51. Ke4 Rf8 52. a5 Ra8 53. b7 Rb8
54. a6 1-0

[Event "Sparkassen-Open A"]
[Site "Heusenstamm, Martinsee"]
[Date "2019.11.23"]
[Round "4.115"]
[White "Perez Valero, Rodrigo Gael"]
[Black "Kemper, Yannick"]
[Result "1/2-1/2"]
[WhiteElo "1551"]
[BlackElo "1808"]
[PlyCount "151"]
[EventDate "2019.??.??"]
[WhiteTeam "VSG Offenbach"]
[BlackTeam "SK Ludwigshafen"]

1. d4 Nf6 2. Nf3 g6 3. Bf4 Bg7 4. e3 O-O 5. Bd3 d6 6. Nbd2 Nbd7 7. c3 b6 8. Qc2
c5 9. O-O Nh5 10. Be4 Rb8 11. Bg3 Nxg3 12. hxg3 Nf6 13. Bd3 Bb7 14. Rad1 Rc8
15. Qa4 a6 16. Rc1 b5 17. Qd1 Qb6 18. c4 Nd7 19. Re1 Rfd8 20. dxc5 Nxc5 21. Bf1
Bxb2 22. Rb1 Na4 23. Qb3 Qa5 24. cxb5 Bxf3 25. Nc4 Qxb5 26. gxf3 Bg7 27. Nb6
Qxb3 28. Rxb3 Nxb6 29. Rxb6 a5 30. Reb1 Rc2 31. Bb5 Rdc8 32. Ba6 Rc1+ 33. Rxc1
Rxc1+ 34. Kg2 Bc3 35. Rc6 Kg7 36. f4 Kf6 37. Kf3 a4 38. Ke4 a3 39. Kd3 Bb2 40.
Rxc1 Bxc1 41. Ke2 d5 42. Bd3 Bb2 43. Bc2 h5 44. Kf3 d4 45. Ke4 dxe3 46. fxe3 e5
47. Kf3 Bc3 48. Bb3 Ke7 49. Bc4 f5 50. Bb3 Kf6 51. Bc2 e4+ 52. Kf2 g5 53. fxg5+
Kxg5 54. Bd1 Kg6 55. Bb3 Bf6 56. Bd1 Bg5 57. Bb3 Kf6 58. Bd1 Kg6 59. Bb3 Bf6
60. Bd1 Kg5 61. Be2 Be5 62. Bd1 h4 63. gxh4+ Kxh4 64. Bb3 Bd6 65. Be6 Kg5 66.
Bb3 Kf6 67. Bc4 Ke5 68. Bb3 Bc5 69. Ke2 Bxe3 70. Kxe3 f4+ 71. Ke2 Kd4 72. Bc2
e3 73. Ba4 Ke4 74. Bc6+ Kd4 75. Ba4 Ke4 76. Bc6+ 1/2-1/2

[Event "Sparkassen-Open A"]
[Site "Heusenstamm, Martinsee"]
[Date "2019.11.23"]
[Round "4.116"]
[White "Lysakovskyi, Oleh"]
[Black "Björknes, Uwe"]
[Result "0-1"]
[WhiteElo "1559"]
[BlackElo "1825"]
[PlyCount "164"]
[EventDate "2019.??.??"]
[WhiteTeam "SV Neu-Isenburg"]
[BlackTeam "SK Bad Homburg"]

1. d4 Nf6 2. c4 c5 3. d5 e6 4. Nc3 exd5 5. cxd5 Bd6 6. Nf3 O-O 7. e4 Re8 8. Bd3
Bc7 9. Bg5 h6 10. Bh4 d6 11. h3 Ba5 12. Nd2 g5 13. Bg3 Bxc3 14. bxc3 Nxd5 15.
O-O Nf4 16. Bc2 Qf6 17. Qf3 Nc6 18. e5 Nxe5 19. Qe4 Qg7 20. Kh1 Bd7 21. Bxf4
gxf4 22. Qxf4 Bc6 23. f3 Re6 24. Rad1 Ng6 25. Qg4 Qxc3 26. Bf5 Rf6 27. Rfe1 Qb4
28. Re4 Qc3 29. h4 d5 30. h5 dxe4 31. hxg6 fxg6 32. Bxg6 Qe3 33. Nxe4 Bxe4 34.
Bxe4+ Qg5 35. Qd7 Qg7 36. Qb5 Rb6 37. Qxc5 Kh8 38. Qf5 Rf8 39. Qh3 Qf6 40. Rd5
Rd6 41. Rxd6 Qxd6 42. Bxb7 Rf7 43. Qc8+ Kg7 44. Qg4+ Qg6 45. Qxg6+ Kxg6 46.
Be4+ Kg5 47. Kh2 Rd7 48. Kh3 a5 49. a4 Rd4 50. Bc6 Rc4 51. Bb5 Rc3 52. Kg3 h5
53. Bd7 Rd3 54. Bc6 h4+ 55. Kh3 Rd1 56. g3 Rh1+ 57. Kg2 Rc1 58. gxh4+ Kf4 59.
Be8 Rc2+ 60. Kh3 Kxf3 61. Bh5+ Kf4 62. Be8 Rc3+ 63. Kg2 Re3 64. Bd7 Re7 65. Bc8
Rg7+ 66. Kf2 Rh7 67. Ke2 Ke4 68. Kd2 Kd4 69. Ba6 Rxh4 70. Kc2 Rh2+ 71. Kb3 Rh3+
72. Kb2 Kc5 73. Bb5 Kb4 74. Kc2 Rc3+ 75. Kb2 Rc7 76. Be8 Rc8 77. Bd7 Rd8 78.
Bb5 Rd2+ 79. Kc1 Kc3 80. Be8 Re2 81. Bh5 Re1+ 82. Bd1 Kd3 0-1